[Event "Master Open"]
[Site "Voronezh"]
[Date "2017.06.14"]
[Round "3.57"]
[White "Sobina, Pavel"]
[Black "Pshmahov, Osman"]
[Result "1-0"]
[WhiteElo "2250"]
[BlackElo "2012"]
[Annotator ""]
[Source ""]
[Remark ""]

1.d4 Nf6 2.c4 e6 3.Nc3 Bb4 4.e3 O-O 5.Nge2 d5 6.a3 Be7 7.Nf4
c6 8.Bd3 Nbd7 9.cxd5 exd5 10.O-O Bd6 11.b4 Re8 12.Qc2 a5 13.Rb1
axb4 14.axb4 Qc7 15.h3 b5 16.g3 Bxf4 17.exf4 Nb6 18.f5 Nc4 19.Qd1
Qb6 20.Bc2 Ne4 21.Nxe4 dxe4 22.g4 g6 23.f6 Qd8 24.Re1 Qxf6 25.Rxe4
Rxe4 26.Bxe4 Bb7 27.Rb3 Rd8 28.Be3 Qe7 29.Bg2 Qd6 30.Qf3 Ra8
31.Qe4 Qd7 32.Rb1 Re8 33.Qf3 Nxe3 34.fxe3 Qe6 35.e4 Qd6 36.Qc3
Qe6 37.Ra1 Qc4 38.Qxc4 bxc4 39.Kf2 Rb8 40.e5 f6 41.exf6 c3 42.Rc1
Ba6 43.Rxc3 Rxb4 44.Ke3 Rc4 45.Rxc4 Bxc4 46.Bxc6 g5 47.Ke4 Bf1
48.Kf5 Bxh3 49.Kxg5 Kf8 50.Bd5 h6+ 51.Kh4 Bf1 52.Be6 Bb5 53.Kh5
Ba4 54.Kxh6 Bb5 55.g5 Be8 56.g6 1-0

[Event "Master Open"]
[Site "Voronezh"]
[Date "2017.06.14"]
[Round "3.58"]
[White "Varshini, V"]
[Black "Muromtsev, Arthur"]
[Result "1-0"]
[WhiteElo "2050"]
[BlackElo "2234"]
[Annotator ""]
[Source ""]
[Remark ""]

1.e4 e5 2.Nf3 Nc6 3.Bb5 g6 4.c3 a6 5.Ba4 d6 6.d4 Bd7 7.O-O Bg7
8.dxe5 dxe5 9.Be3 Nge7 10.Bc5 b6 11.Ba3 b5 12.Bc2 Nc8 13.Bc5
Bf8 14.Be3 Bg7 15.Nbd2 Nd6 16.Ne1 O-O 17.Nd3 f5 18.exf5 gxf5
19.f4 exf4 20.Nxf4 Ne5 21.Nh5 Ng4 22.Bf4 Be6 23.Nxg7 Kxg7 24.h3
Nf6 25.Qe1 Bd5 26.Qh4 Kh8 27.Bg5 Qe7 28.Bxf5 Qg7 29.Rf2 Ng8 30.Bg4
Rxf2 31.Kxf2 Re8 32.Kg1 h6 33.Bf4 Re2 34.Nf3 Nf5 35.Qh5 Ne3 36.Bxe3
Bxf3 37.Bd4 Rxg2+ 38.Kf1 Nf6 39.Qf5 Bxg4 40.hxg4 Qxg4 41.Bxf6+
Kg8 42.Qd5+ 1-0

[Event "Master Open"]
[Site "Voronezh"]
[Date "2017.06.14"]
[Round "3.59"]
[White "Garifullina, Leya"]
[Black "Gurvich, Vitaly"]
[Result "0-1"]
[WhiteElo "1883"]
[BlackElo "2345"]
[Annotator ""]
[Source ""]
[Remark ""]

1.d4 Nf6 2.c4 g6 3.Nc3 d5 4.cxd5 Nxd5 5.e4 Nxc3 6.bxc3 Bg7 7.Be3
c5 8.Rc1 Qa5 9.Qd2 cxd4 10.cxd4 Qxd2+ 11.Bxd2 O-O 12.Nf3 Bg4
13.Be3 Nc6 14.d5 Nb4 15.Rc7 Rfc8 16.Rxb7 Nxa2 17.Ba6 Rab8 18.O-O
Rxb7 19.Bxb7 Rb8 20.Bc6 a5 21.Bc5 Nc3 22.Bxe7 Nxe4 23.d6 Nc5
24.h3 Bf5 25.g4 Bd7 26.Bd5 h6 27.Rc1 Rb5 28.Bc4 Rb7 29.Nh4 Bb2
30.Rf1 Kg7 31.Ng2 a4 32.Ne3 a3 33.Ba2 Ba4 34.Nc4 Ne4 35.Nxb2
axb2 36.Kg2 Nd2 37.Re1 Bc6+ 38.Kg3 b1Q 39.Bxb1 Nxb1 40.Rc1 Bd7
41.h4 Nd2 42.g5 f6 43.Bxf6+ Kf7 44.f3 h5 45.Rc2 Nb3 46.Ra2 Nc5
47.Ra8 Rb3 48.Ra7 Ke6 49.Be7 Ne4+ 50.Kf4 Nd2 51.Kg3 Nxf3 0-1

[Event "Master Open"]
[Site "Voronezh"]
[Date "2017.06.14"]
[Round "3.60"]
[White "Ageichenko, Genadi A"]
[Black "Kavyev, Ruslan"]
[Result "1-0"]
[WhiteElo "2279"]
[BlackElo "2188"]
[Annotator ""]
[Source ""]
[Remark ""]

1.Nf3 Nf6 2.c4 g6 3.Nc3 d5 4.cxd5 Nxd5 5.Qb3 c6 6.e4 Nb6 7.d4
Bg7 8.Be3 O-O 9.Be2 Be6 10.Qc2 Nc4 11.Bg5 h6 12.Bf4 g5 13.d5
cxd5 14.exd5 Bxd5 15.Nxd5 Na3 16.Qd2 gxf4 17.Rd1 e6 18.Nxf4 Qxd2+
19.Rxd2 Rc8 20.O-O Nc4 21.Bxc4 Rxc4 22.Rd8+ Kh7 23.Nd3 Bf6 24.Re8
Ra4 25.a3 Ra5 26.Rc1 Rd5 27.Nf4 Rf5 28.Nd3 Rd5 29.Nfe1 Rd8 30.Rxd8
Bxd8 31.Rc8 Bf6 32.Nf3 Kg7 33.Re8 a5 34.Kf1 a4 35.Ke2 Ra5 36.Rxb8
Rb5 37.Ra8 Bxb2 38.Rxa4 Bf6 39.Rb4 Ra5 40.Rxb7 1-0

[Event "Master Open"]
[Site "Voronezh"]
[Date "2017.06.14"]
[Round "3.61"]
[White "Sakorenko, Adriana"]
[Black "Schepetkova, Margarita"]
[Result "0-1"]
[WhiteElo "2140"]
[BlackElo "2252"]
[Annotator ""]
[Source ""]
[Remark ""]

1.d4 Nf6 2.Nf3 g6 3.Bf4 Bg7 4.e3 O-O 5.h3 d6 6.Be2 Nbd7 7.O-O
Qe8 8.Bh2 e5 9.c4 Ne4 10.Nc3 Nxc3 11.bxc3 Qe7 12.Qc2 f5 13.Rfe1
Kh8 14.Nd2 b6 15.Bf3 e4 16.Be2 Bb7 17.a4 a5 18.Rab1 Nf6 19.Qa2
Nh5 20.Nb3 f4 21.Bxh5 f3 22.Bg4 h5 23.gxf3 exf3 24.Bxh5 gxh5
25.Kh1 Bc8 26.Qc2 Bf5 27.e4 Bxh3 28.e5 Qg5 0-1

[Event "Master Open"]
[Site "Voronezh"]
[Date "2017.06.14"]
[Round "3.62"]
[White "Ustinov, Alexey"]
[Black "Cherednichenko, Dmitrij"]
[Result "1/2-1/2"]
[WhiteElo "2138"]
[BlackElo "2242"]
[Annotator ""]
[Source ""]
[Remark ""]

1.Nf3 f5 2.c4 Nf6 3.g3 g6 4.b3 Bg7 5.Bb2 d6 6.d4 O-O 7.Bg2 c6
8.O-O a5 9.Qc2 Na6 10.a3 Rb8 11.Nbd2 b5 12.Rac1 Bd7 13.Rfe1 Kh8
14.c5 Nc7 15.e4 fxe4 16.Nxe4 Nxe4 17.Qxe4 Nd5 18.Ng5 e5 19.Nf3
Nf6 20.Qh4 e4 21.Ng5 d5 22.Rcd1 Kg8 23.Bh3 h6 24.Ne6 Bxe6 25.Bxe6+
Kh8 26.Bc1 Nh7 27.Qxd8 Rbxd8 28.h4 Rf6 29.Bg4 Nf8 30.Bf4 Re8
31.f3 h5 32.Bh3 Ne6 33.fxe4 Nxf4 34.gxf4 Rxe4 35.Rxe4 dxe4 36.d5
cxd5 37.Rxd5 e3 38.Bf1 b4 39.axb4 axb4 40.Bb5 Rxf4 1/2-1/2

[Event "Master Open"]
[Site "Voronezh"]
[Date "2017.06.14"]
[Round "3.63"]
[White "Krivtsov, Alexander"]
[Black "Novikova, Galina"]
[Result "1-0"]
[WhiteElo "2240"]
[BlackElo "2122"]
[Annotator ""]
[Source ""]
[Remark ""]

1.e4 e6 2.d4 d5 3.e5 c5 4.c3 Nc6 5.Nf3 Bd7 6.a3 f6 7.Bd3 Qc7
8.Bf4 Qb6 9.Qc2 g5 10.Be3 g4 11.dxc5 Bxc5 12.Bxc5 Qxc5 13.Nd4
fxe5 14.Nxc6 Bxc6 15.b4 Qb6 16.Qe2 e4 17.Qxg4 Ne7 18.Be2 Kd7
19.c4 Rhg8 20.Qh3 dxc4 21.Nc3 Bd5 22.Nxd5 Nxd5 23.Rd1 Qc6 24.O-O
Kc7 25.b5 Qe8 26.Qxh7+ Kb6 27.Qxe4 c3 28.Qd4+ Ka5 29.Bf3 Qxb5
30.Bxd5 exd5 31.Qxc3+ Ka6 32.Qe5 Rad8 33.a4 Qc4 34.Rd4 Qc6 35.Qe2+
Kb6 36.Qb2+ Ka6 37.Rc1 Qe8 38.Qb3 b6 39.Qd3+ Kb7 40.Rxd5 Rxd5
41.Qxd5+ Ka6 42.g3 Rf8 43.Qc4+ Kb7 44.h4 Qg6 45.Qd5+ Ka6 46.Rc7
Qb1+ 47.Kg2 Rb8 48.Qb5+ Qxb5 49.axb5+ Kxb5 50.Rxa7 Kc5 51.h5
b5 52.h6 b4 53.h7 b3 54.g4 b2 55.h8Q b1Q 56.Qe5+ Kc4 57.Ra4+
Kd3 58.Rd4+ Kc2 59.Qc7+ 1-0

[Event "Master Open"]
[Site "Voronezh"]
[Date "2017.06.14"]
[Round "3.64"]
[White "Kochukova, Anna"]
[Black "Zherebtsova, Alexandra"]
[Result "0-1"]
[WhiteElo "2123"]
[BlackElo "2231"]
[Annotator ""]
[Source ""]
[Remark ""]

1.e4 e5 2.Nf3 Nc6 3.Bb5 a6 4.Ba4 Nf6 5.d3 b5 6.Bb3 Be7 7.O-O
d6 8.c3 O-O 9.Re1 Na5 10.Bc2 c5 11.Nbd2 Nc6 12.Nf1 Re8 13.Ng3
Bf8 14.h3 h6 15.d4 exd4 16.cxd4 cxd4 17.Nxd4 Nxd4 18.Qxd4 Bb7
19.Bf4 Rc8 20.Bb3 Rc7 21.Rad1 Rd7 22.Kh1 g6 23.f3 Kh7 24.Re2
Bg7 25.Qb4 d5 26.e5 Ng8 27.Qd2 Bc6 28.Rde1 Re6 29.a3 Qh4 30.Bc2
Kh8 31.Kh2 Qd8 32.b4 Rde7 33.Qd3 Rd7 34.Qd2 Qe8 35.Qd3 Ne7 36.h4
d4 37.h5 Nd5 38.Bd2 Ne3 39.hxg6 Nxc2 40.gxf7 Qxf7 41.Rc1 Ne3
42.Bxe3 dxe3 43.Qxe3 Rxe5 44.Qxe5 Bxe5 45.Rxe5 Qf4 46.Re8+ Kh7
47.Rxc6 Qh4+ 48.Kg1 Qxg3 49.Rc1 Rg7 50.Rc2 Qxf3 51.Rce2 Qxa3
52.R8e4 a5 53.R2e3 Qc1+ 54.Re1 Qg5 55.R1e2 axb4 56.Re5 Qd8 0-1

[Event "Master Open"]
[Site "Voronezh"]
[Date "2017.06.14"]
[Round "3.65"]
[White "Shkurkin, Andrey"]
[Black "Serdjukov, Sergey"]
[Result "1-0"]
[WhiteElo "2229"]
[BlackElo "2054"]
[Annotator ""]
[Source ""]
[Remark ""]

1.d4 d6 2.e4 Nf6 3.Nc3 e5 4.dxe5 dxe5 5.Qxd8+ Kxd8 6.Bg5 c6 7.Bc4
Ke8 8.O-O-O b5 9.Bxf6 gxf6 10.Nxb5 Na6 11.Nd6+ Bxd6 12.Rxd6 Nc5
13.f3 Be6 14.Rxc6 Bxc4 15.Rxc5 Bf1 16.h4 Bxg2 17.Rh2 Rg8 18.Kd2
Bf1 19.Ne2 Rd8+ 20.Rd5 Rb8 21.b3 Ke7 22.Nc3 Rg3 23.Rf2 Bg2 24.Ne2
Rg6 25.c4 Ke6 26.Ke3 Rgg8 27.Nc3 f5 28.exf5+ Kxf5 29.Rdd2 Bh1
30.Rd1 Bg2 31.Rg1 Bh3 32.Rh1 Bg2 33.Rh2 1-0

[Event "Master Open"]
[Site "Voronezh"]
[Date "2017.06.14"]
[Round "3.66"]
[White "Bezgodova, Svetlana"]
[Black "Smirnova, Ekaterina"]
[Result "1-0"]
[WhiteElo "2038"]
[BlackElo "2216"]
[Annotator ""]
[Source ""]
[Remark ""]

1.Nf3 d5 2.g3 Bg4 3.Bg2 c6 4.O-O Nd7 5.c4 Bxf3 6.Bxf3 Ne5 7.Bg2
Nxc4 8.d3 Nb6 9.Qb3 e5 10.e4 dxe4 11.dxe4 Bc5 12.a4 a5 13.Rd1
Qc7 14.Na3 Nf6 15.Bd2 O-O 16.Rac1 Bd4 17.Nb5 Qd8 18.Nxd4 exd4
19.Be3 Qc7 20.Bxd4 Nbd7 21.f3 Rfd8 22.Qc3 Ne8 23.Qe3 Nf8 24.Bb6
Rxd1+ 25.Rxd1 Qe5 26.Qb3 Qe6 27.Qxe6 fxe6 28.Bf1 Nf6 29.Bc4 Kf7
30.Rd8 Rxd8 31.Bxd8 g5 32.Bxa5 g4 33.e5 N6d7 34.f4 h5 35.Bc7
Ke8 36.b4 Ke7 37.Kg2 1-0

[Event "Master Open"]
[Site "Voronezh"]
[Date "2017.06.14"]
[Round "3.67"]
[White "Ioffe, Ilya"]
[Black "Pogorelskikh, Sofia"]
[Result "1-0"]
[WhiteElo "2214"]
[BlackElo "2050"]
[Annotator ""]
[Source ""]
[Remark ""]

1.e4 c5 2.c3 Nf6 3.e5 Nd5 4.Nf3 Nc6 5.d4 cxd4 6.cxd4 d6 7.Bc4
dxe5 8.dxe5 Ndb4 9.Qxd8+ Nxd8 10.Na3 Bg4 11.Nd4 Ndc6 12.Nxc6
Nxc6 13.f4 e6 14.Be3 Bb4+ 15.Kf2 O-O-O 16.Rac1 Kb8 17.h3 Bf5
18.Rhd1 h5 19.Nb5 Be4 20.a3 Be7 21.b4 Bd5 22.Bxd5 Rxd5 23.Rxd5
exd5 24.Bc5 Bxc5+ 25.Rxc5 Rd8 26.Ke3 a6 27.Nd4 Ne7 28.f5 Re8
29.Kf4 b6 30.Rc2 Kb7 31.Kg5 Rh8 32.f6 gxf6+ 33.Kxf6 Ng6 34.Nf5
Rf8 35.Nd6+ Kb8 36.e6 fxe6+ 37.Kxg6 e5 38.Rd2 1-0

[Event "Master Open"]
[Site "Voronezh"]
[Date "2017.06.14"]
[Round "3.68"]
[White "Hart, Alexander"]
[Black "Pogosian, Georgy"]
[Result "0-1"]
[WhiteElo "1918"]
[BlackElo "2211"]
[Annotator ""]
[Source ""]
[Remark ""]

1.d4 g6 2.c4 Bg7 3.e4 c5 4.d5 d6 5.f3 e6 6.Bd3 Ne7 7.Ne2 O-O
8.Nbc3 exd5 9.cxd5 Nd7 10.O-O Ne5 11.Bb1 f5 12.f4 Ng4 13.h3 Nf6
14.e5 dxe5 15.fxe5 Nfxd5 16.Qb3 Be6 17.Qxb7 Qb8 18.Qa6 Qb6 19.Qa4
h6 20.a3 g5 21.Nxd5 Nxd5 22.Ng3 Ne7 23.Re1 Bb3 24.Qd7 Qe6 25.Qd6
Rad8 26.Qxc5 f4 27.Nh5 f3 28.Nxg7 Kxg7 29.Qf2 fxg2 30.Qxg2 Bd5
31.Qc2 Rf3 32.Qh7+ Kf8 33.Qh8+ Ng8 34.Rf1 Rxf1+ 35.Kxf1 Qxh3+
36.Ke1 Qg3+ 37.Kd2 Bc4+ 0-1

[Event "Master Open"]
[Site "Voronezh"]
[Date "2017.06.15"]
[Round "4.15"]
[White "Swapnil, S. Dhopade"]
[Black "Nozdrachev, Leonid"]
[Result "0-1"]
[WhiteElo "2533"]
[BlackElo "2411"]
[Annotator ""]
[Source ""]
[Remark ""]

1.d4 Nf6 2.c4 e6 3.Nf3 Bb4+ 4.Nbd2 O-O 5.a3 Be7 6.e4 d5 7.e5
Nfd7 8.Bd3 c5 9.Qc2 h6 10.O-O Nc6 11.Nb3 a5 12.Bf4 a4 13.Nxc5
Nxd4 14.Nxd4 Nxc5 15.Rad1 Bd7 16.Qe2 Nxd3 17.Rxd3 dxc4 18.Rg3
Bh4 19.Rg4 h5 20.Rg3 Bxg3 21.hxg3 Bc6 22.Nxc6 bxc6 23.Qxc4 Qd5
24.Qe2 Rfb8 25.Bc1 Rb5 26.Re1 Qd4 27.Qxh5 Raa5 28.Rd1 Rxe5 29.Qf3
Qe4 30.Be3 Qxf3 31.gxf3 Red5 32.Rc1 c5 33.Kf1 Kf8 34.f4 Ke7 35.Rc2
Kd6 36.Bd2 Ra8 37.Bc3 f6 38.Re2 Rd3 39.Rc2 Rd1+ 40.Ke2 Rh1 41.Kd3
Kd5 42.Rd2 Rc1 43.Re2 Rh8 44.Rd2 Rh2 45.Ba5 Rhh1 46.Ke3+ Kc4
47.Rd7 Rhd1 48.Rxg7 Rd3+ 49.Ke2 Rc2+ 50.Kf1 Rxb2 51.Re7 Rxa3
52.Rxe6 f5 53.Bd8 Raa2 0-1

[Event "Master Open"]
[Site "Voronezh"]
[Date "2017.06.15"]
[Round "4.16"]
[White "Zontakh, Andrey"]
[Black "Elistratov, Semen"]
[Result "1/2-1/2"]
[WhiteElo "2528"]
[BlackElo "2403"]
[Annotator ""]
[Source ""]
[Remark ""]

1.d4 Nf6 2.c4 e6 3.Nf3 d5 4.Nc3 Nbd7 5.Qc2 c5 6.cxd5 exd5 7.Bf4
Be7 8.g3 O-O 9.Bg2 b6 10.O-O Bb7 11.Rad1 Rc8 12.dxc5 Nxc5 13.Bh3
Ne6 14.Be5 Ne4 15.Qb3 Nxc3 16.Bxc3 Bf6 17.Nd4 Re8 18.e3 Rc4 19.Bg2
Nxd4 20.Bxd4 Bxd4 21.Rxd4 Rxd4 22.exd4 Qf6 23.Qd3 h6 24.Rc1 g6
25.h4 h5 26.b4 Re7 27.b5 Kg7 28.Bf3 Qd6 29.Qb3 Kh7 30.Kg2 Kg7
31.Qa4 Ba8 32.Rc8 Bb7 33.Rc3 Ba8 34.Qb3 Bb7 35.a4 Re1 36.Qc2
Re7 37.Qc1 a5 38.bxa6 Bxa6 39.Rc6 Qb4 40.Qf4 Qe1 41.Bxd5 Bb7
42.Rd6 Bxd5+ 43.Rxd5 Re4 44.Qg5 Qb4 45.Rd7 Re6 46.Qd5 Rf6 47.Qe5
Qb3 48.f4 Qc2+ 49.Kg1 Qd1+ 50.Kg2 Qd2+ 51.Kg1 Qd1+ 52.Kg2 Qd2+
53.Kg1 1/2-1/2

[Event "Master Open"]
[Site "Voronezh"]
[Date "2017.06.15"]
[Round "4.17"]
[White "Tunik, Gennady"]
[Black "Tsydypov, Zhamsaran"]
[Result "0-1"]
[WhiteElo "2384"]
[BlackElo "2511"]
[Annotator ""]
[Source ""]
[Remark ""]

1.d4 d5 2.c4 e6 3.Nf3 Nf6 4.Nc3 c6 5.e3 Nbd7 6.Qc2 Bd6 7.Bd3
O-O 8.O-O dxc4 9.Bxc4 b5 10.Be2 Bb7 11.Rd1 Qb8 12.h3 e5 13.Bd2
a6 14.dxe5 Nxe5 15.Nxe5 Bxe5 16.Bf3 c5 17.Bxb7 Qxb7 18.Ne2 Ne4
19.Rac1 c4 20.Ba5 Rac8 21.Nc3 Nc5 22.Bb4 Rfe8 23.Bxc5 Rxc5 24.Ne4
Rc6 25.b4 Rg6 26.f4 Bb8 27.Kh1 Qc6 28.Rd2 h6 29.f5 Qc7 30.g4
Rc6 31.Rcd1 Qe5 32.Rd8 Rc8 33.Rxc8 Rxc8 34.Rd4 Ba7 35.Rd7 Bxe3
36.Kg2 Re8 37.Nd6 Qd5+ 38.Kg3 Bd2 39.Nxe8 Qxd7 40.Qe4 Qd3+ 0-1

[Event "Master Open"]
[Site "Voronezh"]
[Date "2017.06.15"]
[Round "4.18"]
[White "Gabrielian, Artur"]
[Black "Rodin, Dmitrij"]
[Result "1-0"]
[WhiteElo "2506"]
[BlackElo "2391"]
[Annotator ""]
[Source ""]
[Remark ""]

1.e4 e5 2.Nf3 Nc6 3.Bc4 Bc5 4.d3 Nf6 5.c3 a6 6.Bg5 h6 7.Bh4 Be7
8.Nbd2 b5 9.Bb3 O-O 10.a4 Bb7 11.O-O d6 12.Re1 Nb8 13.d4 Nbd7
14.Bg3 exd4 15.Nxd4 Nc5 16.axb5 axb5 17.Rxa8 Bxa8 18.Nf5 Re8
19.Bh4 Nxb3 20.Qxb3 Qd7 21.Nxe7+ Rxe7 22.f3 Re8 23.Nf1 Nh5 24.Ne3
Nf4 25.Bg3 Ne6 26.Rd1 Qc6 27.Bf2 Nc5 28.Qc2 Bb7 29.Nf5 Bc8 30.Nd4
Qb7 31.b4 Ne6 32.Nf5 Nf8 33.Ng3 Be6 34.Bd4 Nd7 35.Qf2 f6 36.Nh5
Bf7 37.Qh4 c5 38.Qg4 Bxh5 39.Qxh5 Qc8 40.Qd5+ Kh8 41.Bf2 cxb4
42.cxb4 Qc2 43.Qxd6 Ne5 44.Qd2 Qb3 45.Bc5 Kh7 46.f4 Nc4 47.Qe2
Kh8 48.h3 Ra8 49.Kh2 Qb2 50.Qg4 Nd2 51.Qe2 Nc4 52.Qxb2 Nxb2 53.Rd5
Nc4 54.Bd4 Rb8 55.e5 fxe5 56.fxe5 Kg8 57.e6 Re8 58.Rxb5 Rxe6
59.Rb8+ Kh7 60.Rb7 Kg6 61.Rxg7+ Kf5 62.Rf7+ Ke4 63.Bc5 Rg6 64.Bf2
Nd6 65.Re7+ Kd5 66.Re1 Ne4 67.Be3 Nc3 68.Rc1 Na2 69.Rc5+ Ke4
70.Bg1 Kd3 71.b5 Nb4 72.Re5 Kc4 73.b6 Nd3 74.Re4+ Kb5 75.b7 1-0

[Event "Master Open"]
[Site "Voronezh"]
[Date "2017.06.15"]
[Round "4.19"]
[White "Golubov, Saveliy"]
[Black "Nesterov, Arseniy"]
[Result "1-0"]
[WhiteElo "2504"]
[BlackElo "2382"]
[Annotator ""]
[Source ""]
[Remark ""]

1.e4 e5 2.Nf3 Nc6 3.Bc4 Bc5 4.O-O Nf6 5.d3 d6 6.c3 a6 7.Bb3 O-O
8.Bg5 Ba7 9.Nbd2 h6 10.Bh4 Be6 11.Bc2 Ne7 12.Bxf6 gxf6 13.Nh4
Kh7 14.Qf3 Ng6 15.Nf5 Rg8 16.g3 Nf8 17.d4 Rg5 18.h4 Rg6 19.Kh2
Nd7 20.d5 Bxf5 21.exf5 Rg7 22.b4 Rc8 23.Ne4 Qe7 24.Rad1 a5 25.a3
Bb6 26.Rb1 Ra8 27.Ba4 Nb8 28.g4 axb4 29.g5 Rxa4 30.Nxf6+ Kh8
31.Qh5 Rh7 32.Nxh7 Kxh7 33.Qxh6+ Kg8 34.g6 Qf6 35.Rg1 Nd7 36.Qh7+ 1-0

[Event "Master Open"]
[Site "Voronezh"]
[Date "2017.06.15"]
[Round "4.20"]
[White "Gavrilov, Alexei"]
[Black "Chekletsov, Ilya"]
[Result "1-0"]
[WhiteElo "2495"]
[BlackElo "2378"]
[Annotator ""]
[Source ""]
[Remark ""]

1.e4 c5 2.Nf3 d6 3.d4 cxd4 4.Nxd4 Nf6 5.Nc3 g6 6.Be2 Bg7 7.Be3
O-O 8.Qd2 Nc6 9.O-O-O Nxd4 10.Bxd4 Be6 11.h4 Qa5 12.Qg5 Qxg5+
13.hxg5 Nd7 14.Nd5 Rae8 15.Be3 Bxd5 16.exd5 f6 17.Bb5 Rd8 18.Bxa7
fxg5 19.Be3 g4 20.a4 h5 21.c3 Nc5 22.Rde1 Bf6 23.Kc2 Ra8 24.b3
Rf7 25.f3 gxf3 26.gxf3 Bg7 27.Rh3 Rc8 28.Bd2 Be5 29.b4 Na6 30.Kb3
Nc7 31.Bc4 Kg7 32.Rg1 Rh8 33.Bd3 Rf6 34.c4 Rhf8 35.Be4 Rh8 36.a5
Bd4 37.Rg2 Be5 38.Rh4 e6 39.f4 Bd4 40.dxe6 Nxe6 41.f5 Nd8 42.Bg5
Rff8 43.Be7 Re8 44.Rxg6+ Kf7 45.Bxd8 Bf2 46.Bd5+ Kf8 47.Rxh5 1-0

[Event "Master Open"]
[Site "Voronezh"]
[Date "2017.06.15"]
[Round "4.21"]
[White "Popov, Mikhail"]
[Black "Khegay, Dmitriy"]
[Result "1/2-1/2"]
[WhiteElo "2378"]
[BlackElo "2482"]
[Annotator ""]
[Source ""]
[Remark ""]

1.c4 Nf6 2.Nf3 b6 3.g3 Bb7 4.Bg2 g6 5.d4 Bg7 6.Nc3 Ne4 7.Nxe4
Bxe4 8.Be3 O-O 9.Qd2 d5 10.Rc1 Qd7 11.Bh6 Nc6 12.Bxg7 Kxg7 13.Qc3
Kg8 14.O-O Rad8 15.e3 dxc4 16.Qxc4 e5 17.Nh4 Bxg2 18.Nxg2 Nb8
19.Qxc7 exd4 20.exd4 Qxd4 21.Qxa7 Qxb2 22.Rb1 Qd2 23.Qxb6 Qxa2
24.Rb2 Qd5 25.Nf4 Qe4 26.Rb4 Qe7 27.Qb7 Rd7 28.Qe4 Qxe4 29.Rxe4
Kg7 30.Rfe1 Nc6 31.Kg2 Rfd8 32.h4 Rd4 33.Rxd4 Rxd4 34.Re2 h6
35.Rc2 Rd6 36.Rc5 Ne7 37.Re5 Ng8 38.Rd5 Ra6 39.Rd2 Nf6 40.Ne2 1/2-1/2

[Event "Master Open"]
[Site "Voronezh"]
[Date "2017.06.15"]
[Round "4.22"]
[White "Belyakov, Bogdan"]
[Black "Panchenko, Dmitry"]
[Result "1-0"]
[WhiteElo "2476"]
[BlackElo "2371"]
[Annotator ""]
[Source ""]
[Remark ""]

1.e4 e6 2.d4 d5 3.Nc3 dxe4 4.Nxe4 Nd7 5.Bd3 Ngf6 6.Qe2 Nxe4 7.Bxe4
Nf6 8.Bxb7 Bxb7 9.Qb5+ Nd7 10.Qxb7 Bd6 11.Nf3 O-O 12.O-O a5 13.b3
Rb8 14.Qa6 Ra8 15.Qd3 a4 16.Bd2 c6 17.Rad1 axb3 18.axb3 Qc7 19.h3
h6 20.Ra1 Qb7 21.Rfd1 Nf6 22.Rdb1 Rfd8 23.Qe2 Nd5 24.c4 Nb4 25.Bc3
Bf8 26.Ne5 Bd6 27.Qe4 Bxe5 28.Qxe5 Rxa1 29.Rxa1 Qb8 30.Qe4 Qb7
31.Qe5 Qb8 32.Qe4 Qb7 33.Ra4 Na6 34.b4 Nc7 35.b5 Rd6 36.Ra1 f5
37.Qf3 Kh7 38.Re1 Qc8 39.b6 Ne8 40.c5 Rd5 41.Qe3 e5 42.dxe5 Qe6
43.Ra1 Rd7 44.Rb1 Rb7 45.Qd3 g6 46.Qa6 Qc8 47.e6 Nc7 48.Qc4 Nxe6
49.Re1 Ng5 50.f3 Qb8 51.Be5 Qe8 52.h4 Nf7 53.Bc3 Qd8 54.Qe6 Qxh4
55.Qxc6 Re7 56.Rxe7 Qxe7 57.Qc7 Qe3+ 58.Kh2 Qxc3 59.Qxf7+ Kh8
60.Qf8+ Kh7 61.Qe7+ Kg8 62.b7 1-0

[Event "Master Open"]
[Site "Voronezh"]
[Date "2017.06.15"]
[Round "4.23"]
[White "Grishchenko, Sergey"]
[Black "Murtazin, Ruslan"]
[Result "1/2-1/2"]
[WhiteElo "2447"]
[BlackElo "2359"]
[Annotator ""]
[Source ""]
[Remark ""]

1.d4 Nf6 2.c4 c5 3.d5 e6 4.Nc3 exd5 5.cxd5 d6 6.Nf3 g6 7.Bg5
Bg7 8.Nd2 h6 9.Bh4 g5 10.Bg3 Nh5 11.Qa4+ Kf8 12.Qc2 Nxg3 13.hxg3
Nd7 14.e3 Nf6 15.Nc4 h5 16.f3 Qe7 17.a4 b6 18.Kf2 Bb7 19.Rd1
Re8 20.e4 h4 21.g4 Bc8 22.Be2 Rh6 23.Rd2 Nd7 24.Ke1 Ne5 25.Ne3
Ng6 26.Bb5 Rd8 27.Ne2 Be5 28.Nc4 Bg7 29.Bc6 Qf6 30.Qb3 Nf4 31.Nxf4
Qxf4 32.Qe3 Qf6 33.a5 bxa5 34.e5 dxe5 35.Qxc5+ Kg8 36.Qxa5 e4
37.fxe4 Bxg4 38.Ne3 Bc8 39.Qc7 Rf8 40.Rf1 Qe5 41.Qxe5 Bxe5 42.Nc4
Bg3+ 43.Kd1 1/2-1/2

[Event "Master Open"]
[Site "Voronezh"]
[Date "2017.06.15"]
[Round "4.24"]
[White "Salemgareev, Tagir"]
[Black "Kozionov, Kirill"]
[Result "0-1"]
[WhiteElo "2360"]
[BlackElo "2437"]
[Annotator ""]
[Source ""]
[Remark ""]

1.e4 c5 2.Nf3 e6 3.d4 cxd4 4.Nxd4 a6 5.Nc3 Qc7 6.Bd3 Nf6 7.O-O
Be7 8.Be3 d6 9.a4 b6 10.f4 Bb7 11.Qf3 Nbd7 12.Qg3 g6 13.Rad1
Rc8 14.h3 Qb8 15.Nde2 h5 16.Bd4 h4 17.Qf2 Rh5 18.Qe1 Nc5 19.e5
Nfd7 20.exd6 Nxd3 21.cxd3 Qxd6 22.Ne4 Qc6 23.Rc1 Qxa4 24.Rxc8+
Bxc8 25.Qc3 Bb7 26.Qc7 Qc6 27.Rc1 Rc5 28.Rxc5 bxc5 29.Qxc6 Bxc6
30.Be3 c4 31.Nf2 cxd3 32.Nxd3 Bb5 33.Ndc1 Nf6 34.Nc3 Bc4 35.b3
Nd5 36.Bd4 Nxc3 37.bxc4 Ba3 38.Bxc3 Bxc1 39.Be1 Kd7 40.Kf1 Bxf4
41.Bxh4 Be5 42.Be1 Kc6 43.Ke2 Bc7 44.g4 f5 45.Kd3 a5 46.Kc3 Bd6
47.Kb3 f4 48.h4 f3 49.h5 gxh5 50.gxh5 Bc5 0-1

[Event "Master Open"]
[Site "Voronezh"]
[Date "2017.06.15"]
[Round "4.25"]
[White "Khanin, Semen"]
[Black "Raja, Harshit"]
[Result "1/2-1/2"]
[WhiteElo "2436"]
[BlackElo "2350"]
[Annotator ""]
[Source ""]
[Remark ""]

1.e4 c5 2.Nf3 Nc6 3.d4 cxd4 4.Nxd4 g6 5.Nc3 Bg7 6.Be3 Nf6 7.Bc4
O-O 8.Bb3 d6 9.f3 Bd7 10.Qd2 Nxd4 11.Bxd4 b5 12.a4 b4 13.Nd5
Nxd5 14.exd5 Bxd4 15.Qxd4 Qb6 16.Qxb6 axb6 17.Kf2 Ra5 18.Rhe1
Re8 19.Re4 b5 20.Rxb4 bxa4 21.Bc4 Rc8 22.Ke3 Rcc5 23.Kd4 Kg7
24.c3 Kf6 25.Bd3 e6 26.dxe6 fxe6 27.Ke3 1/2-1/2

[Event "Master Open"]
[Site "Voronezh"]
[Date "2017.06.15"]
[Round "4.26"]
[White "Bryakin, Mikhail"]
[Black "Cherniaev, Alexander"]
[Result "0-1"]
[WhiteElo "2338"]
[BlackElo "2425"]
[Annotator ""]
[Source ""]
[Remark ""]

1.d4 d6 2.Nf3 g6 3.c4 f5 4.g3 Nf6 5.Bg2 Bg7 6.O-O O-O 7.Nc3 c6
8.b4 Kh8 9.Qb3 Be6 10.d5 Bg8 11.Nd4 Nxd5 12.cxd5 Bxd4 13.Bh6
Re8 14.Rad1 Bf6 15.e4 Na6 16.exf5 gxf5 17.a3 Nc7 18.Qc2 cxd5
19.Nxd5 Nxd5 20.Bxd5 Bxd5 21.Rxd5 e6 22.Rd3 Rc8 23.Qa4 a6 24.b5
a5 25.Be3 d5 26.b6 Rc4 27.Qxa5 Qd7 28.Qd2 Qg7 29.Rc1 Rec8 30.Rxc4
Rxc4 31.Bf4 d4 32.Qa2 Rc6 33.Bc7 Rc1+ 34.Kg2 Qd7 35.Qe2 e5 36.Rd1
Qc6+ 37.Kh3 Rc5 38.Qh5 Qe6 39.Kg2 Kg7 40.a4 h6 41.Rd2 Kh7 42.Rd1
Bg7 43.Re1 e4 44.Bf4 Qxb6 45.g4 Qe6 46.g5 Qg6 47.Qxg6+ Kxg6 48.h4
hxg5 49.hxg5 Be5 50.Bxe5 Rxe5 51.Kg3 Rc5 52.Rb1 Kxg5 53.Rxb7
Rc3+ 54.Kg2 Rc2 55.Rd7 e3 56.Rxd4 Rxf2+ 57.Kg1 Ra2 0-1

[Event "Master Open"]
[Site "Voronezh"]
[Date "2017.06.15"]
[Round "4.27"]
[White "Ponomarev, Dmitry"]
[Black "Sergienko, Sergey"]
[Result "1-0"]
[WhiteElo "2417"]
[BlackElo "2344"]
[Annotator ""]
[Source ""]
[Remark ""]

1.d4 Nf6 2.c4 e6 3.g3 c5 4.Nf3 cxd4 5.Nxd4 d5 6.Bg2 e5 7.Nb3
Bb4+ 8.Bd2 dxc4 9.Bxb4 Qxd1+ 10.Kxd1 cxb3 11.axb3 Nc6 12.Bc5
Be6 13.Nd2 Bd5 14.Bxd5 Nxd5 15.Nc4 Kd7 16.e4 Nf6 17.f3 Ke6 18.Ke2
Rhd8 19.Rhd1 b6 20.Bxb6 Rxd1 21.Rxd1 Ne8 22.Bc5 Rb8 23.b4 Nxb4
24.Bxa7 Rc8 25.b3 g6 26.Bb6 f5 27.Ba5 Nc6 28.exf5+ gxf5 29.Bc3
Rb8 30.b4 e4 31.fxe4 fxe4 32.Nd2 Nd6 33.Nb3 Nxb4 34.Nc5+ Ke7
35.Bf6+ Kxf6 36.Nd7+ Ke6 37.Nxb8 h5 38.Rc1 Nd5 39.Na6 Nb5 40.Rc8
Ke5 41.Nc5 Nd4+ 42.Ke1 e3 43.Re8+ Kf5 44.Nd3 Nc3 45.Kf1 Ne6 46.Nf4
Nxf4 47.Rf8+ Ke4 48.Rxf4+ Kd3 49.Rf8 Ne2 50.Rd8+ Nd4 51.Rd5 Ke4
52.Rxh5 Kf3 53.Re5 1-0

[Event "Master Open"]
[Site "Voronezh"]
[Date "2017.06.15"]
[Round "4.29"]
[White "Bocharov, Dmitry"]
[Black "Klimentov, Evgeny"]
[Result "1-0"]
[WhiteElo "2579"]
[BlackElo "2259"]
[Annotator ""]
[Source ""]
[Remark ""]

1.c4 Nf6 2.Nc3 g6 3.e4 d6 4.d4 Bg7 5.Nge2 O-O 6.Ng3 Na6 7.Be2
c5 8.d5 Nc7 9.O-O a6 10.a4 b6 11.Bg5 Rb8 12.Qd2 Bd7 13.Bh6 b5
14.Bxg7 Kxg7 15.f4 bxc4 16.Bxc4 Bc8 17.Rad1 a5 18.b3 Ba6 19.e5
Nd7 20.Nce4 Bxc4 21.bxc4 Rb6 22.Qc3 Kg8 23.Rd3 dxe5 24.fxe5 Qb8
25.Re3 Rb2 26.Nf5 gxf5 27.e6 f6 28.Rg3+ Kh8 29.exd7 Re2 30.Ng5
h6 31.Qf3 hxg5 32.Qxe2 Rf7 33.Rh3+ Kg7 34.Qh5 1-0

[Event "Master Open"]
[Site "Voronezh"]
[Date "2017.06.15"]
[Round "4.30"]
[White "Kokarev, Dmitry"]
[Black "Ovchinnikov, Vsevolod"]
[Result "1/2-1/2"]
[WhiteElo "2640"]
[BlackElo "2325"]
[Annotator ""]
[Source ""]
[Remark ""]

1.e4 e6 2.d4 d5 3.Nc3 Bb4 4.e5 c5 5.a3 Bxc3+ 6.bxc3 Qc7 7.Qg4
f5 8.Qg3 cxd4 9.cxd4 Ne7 10.Ne2 O-O 11.c3 Ng6 12.h4 f4 13.Qh3
f3 14.gxf3 Ne7 15.f4 Nbc6 16.a4 Rf7 17.Qd3 Na5 18.Ba3 Nf5 19.Ng3
Nc4 20.Bh3 Bd7 21.Nxf5 exf5 22.Bg2 Be6 23.Ke2 Qd8 24.Kf3 Rc8
25.Kg3 b6 26.Bf3 Rfc7 27.Bc1 Qe8 28.Rh3 Na5 29.Ra3 Nc4 30.Ra2
Nxe5 31.fxe5 Rxc3 32.Qd2 Rxc1 33.h5 R8c3 34.Kg2 h6 35.Rh1 Qc6
36.Rxc1 Rxc1 37.Be2 a5 38.Rb2 Ra1 39.Rc2 Qxa4 40.Qc3 Rb1 41.Qc7
Kh7 42.Qc6 Qxc6 43.Rxc6 Rb2 44.Bf3 Bf7 45.Rd6 Be8 46.e6 Kg8 1/2-1/2